000
00343nam a2200133Ia 4500
008
151001s9999||||xx |||||||||||||| ||und||
100
_a
सुदर्शन भाटीया
245
_a
भूकंप
250
_a
1
260
_b
प्रकाशन विभाग
260
_c
2008
300
_a
65
365
_b
21
999
_c
992908
_d
992905